000 01350nam a22002657a 4500
005 20110426154449.0
008 090408t xxu||||| |||| 00| 0 hin d
010 _aHIN-92508
020 _c150.00
_a9788190403222
035 _aHN-64854
037 _bDBAD / PUB
040 _aDPL
_bHN
082 _a
100 _927482
_aशर्मा, पंकज
245 _aसिर्फ तुमः
_cपंकज शर्मा
_bलघुकथा संग्रह /
260 _aदिल्ली
_bआकांक्षा प्रकाशन
_c2010
270 _aएफ-15 ए, विजय ब्लॉक, विकास मार्ग, लक्ष्मी नगर
_bनई दिल्ली
_cदिल्ली
_e110092
300 _a95पृ
_c22 सेमी (सजिल्द)
_bसचित्र
650 _91169
_aलघु कथाएँ, हिन्दी
650 _91170
_ashort Stories
700 _927483
942 _adpl
_cHN
_2ddc
_h
_mशर्मापं
999 _c52020
_d52020